X-Men: First Class Quiz - Statistics

General Stats
  • This quiz has been taken 27 times
  • The average score is 6 of 9
Answer Stats
Hint Answer % Correct
Who accidentally paralyses Charles? Magneto / Erik Lensherr
92%
Which major X-Man says the f-bomb to Charles and Erik? Wolverine / Logan
84%
What is the real name of Havok? Alex Summers
76%
Which mutant, played by Kevin Bacon, can redirect energy? Sebastian Shaw
76%
Who plays Charles Xavier? James McAvoy
68%
Who plays Magneto? Michael Fassbender
68%
What is the last name of Moira? MacTaggert
64%
Complete the tagline: Witness the moment that will change _________ our world
16%
Which X-Men Origins movie was cancelled and merged into this movie? X-Men Origins: Magneto
16%
No matching quizzes found
Score Distribution
Percent of People with Each Score
Percentile by Number Answered
Your Score History
You have not taken this quiz